Ministri del bilancio - Statistics

Statistiche generali
  • Questo quiz è stato fatto 8 volte
  • Il punteggio medio è 17 su 37
Statistiche sulle risposte
Anni Ministro del bilancio % Corretto
1974-1976 Andreotti
100%
1988-1989 Fanfani
100%
1968-1968 Colombo
83%
1987-1988 Colombo
83%
1947-1948 Einaudi
67%
1987-1987 Goria
67%
1948-1954 Pella
67%
1960-1962 Pella
67%
1979-1980 Andreatta
50%
1996-1997 Ciampi
50%
1963-1964 Giolitti
50%
1970-1972 Giolitti
50%
1973-1974 Giolitti
50%
1989-1992 Pomicino
50%
1959-1960 Tambroni
50%
1972-1973 Taviani
50%
1956-1958 Zoli
50%
1996-1996 Arcelli
33%
1982-1983 Bodrato
33%
1969-1970 Caron
33%
1996-1996 Fantozzi
33%
1962-1963 La Malfa
33%
1983-1984 Longo
33%
1995-1996 Masera
33%
1958-1959 Medici
33%
1963-1963 Medici
33%
1976-1979 Morlino
33%
1994-1995 Pagliarini
33%
1964-1968 Pieraccini
33%
1968-1969 Preti
33%
1992-1993 Reviglio
33%
1984-1987 Romita
33%
1993-1994 Spaventa
33%
1954-1956 Vanoni
33%
1979-1979 Visentini
33%
1980-1982 Giorgio La Malfa
17%
1979-1979 Ugo La Malfa
17%
Nessun quiz corrispondente trovato
Distribuzione punteggi
Percentuale di utenti per punteggio
Percentile per numero di risposta
I tuoi punteggi nel tempo
Non hai fatto questo quiz